00556cam a2200169 a 45000010005000000030009000050050017000140080041000310400028000720820018001002450050001182600047001683000024002154900070002396500057003097100020003662801BD-DhUAP20210106121447.0210103s1993 nyu 000 1 eng  aDLCcDLCdBD-DhUAPbeng a338.95492 BAN12aBangladesh :bimplementing structural reform. aWashington D.C. :bThe World Bank,cc1993. a219 pages ;c28 cm. aDocument of the World Bank ; vReport (World Bank), no. 11569-BD. aStructural adjustment (Economic policy)zBangladesh. aThe World Bank.